00536nam a2200181Ia 450000500170000000800410001702000240005804000190008204100120010108200160011324500700012926000430019930000200024244000220026250400400028470000200032485000100034420230519131828.0131103s9999 xx 000 0 und d a019283167 4cRs.175 aLoreto College aEnglish a823.08bSHI 4aThe Oxford book of science fiction storiescedited by Tom Shippey aOxford bOxford University Pressc1992 axxvi,587 p.[8]  aOxford Paperbacks aIncludes bibliographical references aShippey,Tom,ed. aLCLIB